000 00544ntaaa2200205 4500
003 01
005 20251027201347.0
008 0714s1973 ag 01
040 _aAR-BaBN
_bspa
_cAR-BaBN
_eaacr
_dRIC
082 _a225 F39
100 _aFernández, J. G.
_911999
245 _aOrígenes del Neuvo Testamento /
_cJ. G. Fernández
250 _a1 ed. :
_bAurora,
_cc1952
300 _a263 p.
500 _a006996 BAJA 20170308
500 _a019603 BAJA 20170308
650 _aBiblia-Nuevo Testamento
650 _aNuevo Testamento
942 _cBK
999 _c8123
_d8123